000 00334nam a2200121Ia 4500
005 20251222141955.0
008 251222s9999||||xx |||||||||||||| ||spa||
082 _a262.139.85/J81
100 _aJuan Pablo II, Papa
245 0 _aDiscursos y Homilías de Juan Pablo II al Perú
264 _bCentro de Proyección Cristiana
942 _cLIB
999 _c9831
_d9831